[Event "AUTO-INT-439"]
[Site "http://www.queenalice.com/game.php?id=205355"]
[Date "2007.5.3"]
[Round "1"]
[White "fcaon"]
[Black "IkeBroflovski"]
[Result "0-1"]
[WhiteElo "1445"]
[BlackElo "1660"]

1. d4 e6 2. Nf3 Nf6 3. e3 c5 4. c4 b6 5. Be2 Bb7 6. O-O d6 7. a3 Be7 8. Nc3 Nbd7
9. b4 O-O 10. d5 exd5 11. cxd5 Re8 12. e4 Bf8 0-1

[Event "AUTO-INT-700"]
[Site "http://www.queenalice.com/game.php?id=312023"]
[Date "2007.11.28"]
[Round "1"]
[White "JCOELHO"]
[Black "fcaon"]
[Result "1-0"]
[WhiteElo "1645"]
[BlackElo "1408"]

1. e4 e5 2. Nf3 d6 3. Bc4 h6 4. O-O Be7 5. d4 Bg4 6. Nc3 Bxf3 7. Qxf3 Nf6 8. Nd5
exd4 9. Re1 c6 10. Nf4 b5 11. Bb3 O-O 12. Ng6 Qa5 13. Nxe7+ Kh8 14. Bf4 Re8 15.
Bxd6 Qd2 16. Bxf7 Rd8 17. Ng6+ Kh7 18. Qf5 Qg5 19. Nf8+ Kh8 20. Ng6+ Kh7 21.
Nh4+ Qxf5 22. Nxf5 a5 23. e5 g6 24. Nxd4 Kg7 25. Be6 Na6 26. Nxc6 Nb4 27. exf6+
Kxf6 28. Nxd8 Nxc2 29. Bd5 Ra6 30. Re6+ Kg5 31. Be7+ 1-0

[Event "AUTO-INT-700"]
[Site "http://www.queenalice.com/game.php?id=312024"]
[Date "2007.11.28"]
[Round "1"]
[White "fcaon"]
[Black "JCOELHO"]
[Result "0-1"]
[WhiteElo "1408"]
[BlackElo "1616"]

1. d4 d5 2. Nf3 Nf6 3. Nc3 Nc6 4. a3 Bf5 5. Bf4 e6 6. Nb5 Bd6 7. e3 a6 8. Nc3
Ne4 9. Ne5 O-O 10. Ng4 Qh4 11. g3 Qh5 12. Nf6+ Nxf6 13. h3 Bxf4 14. exf4 Qxd1+
15. Kxd1 Nxd4 16. Bd3 Bxd3 17. cxd3 b5 18. b4 Nb3 19. Rb1 Nd4 20. g4 a5 21. Kd2
axb4 22. axb4 c6 23. Ke3 e5 24. fxe5 Nc2+ 25. Kd2 Nd4 26. exf6 gxf6 27. h4 f5
28. gxf5 Nxf5 29. Rhg1+ Kh8 30. h5 Nd4 31. h6 Nf3+ 32. Kc2 Nxg1 33. Rxg1 f5 34.
f4 d4 35. Ne2 Ra2+ 36. Kb3 Rxe2 37. Rg7 Rf2 38. Rc7 Rxf4 39. Rxc6 Rf3 40. Kc2 f4
41. Kd2 Rf1 42. Ke2 Ra1 43. Rb6 f3+ 44. Kf2 Ra2+ 0-1

[Event "AUTO-INT-700"]
[Site "http://www.queenalice.com/game.php?id=312041"]
[Date "2007.11.28"]
[Round "1"]
[White "fcaon"]
[Black "alisson124"]
[Result "1-0"]
[WhiteElo "1401"]
[BlackElo "1165"]

1. d4 d5 2. Nf3 Nc6 3. Nc3 e6 4. Bd2 Nf6 5. Bf4 Qe7 6. Nb5 Qb4+ 7. Nc3 Qd6 8.
Bxd6 cxd6 9. Nb5 Bd7 10. Nc7+ Kd8 11. Nxa8 e5 12. Ng5 h6 13. Nxf7+ Ke8 14. Nxh8
g6 15. Nxg6 Nxd4 16. Nc7+ Kd8 17. e3 Nc6 18. Nxd5 Nxd5 19. Nxf8 Be8 20. Qxd5 1-0

[Event "AUTO-INT-700"]
[Site "http://www.queenalice.com/game.php?id=312042"]
[Date "2007.11.28"]
[Round "1"]
[White "alisson124"]
[Black "fcaon"]
[Result "0-1"]
[WhiteElo "1135"]
[BlackElo "1400"]

1. e4 e5 2. Na3 d6 3. d4 a6 4. dxe5 dxe5 5. Bd2 Bxa3 6. Bc3 Bc5 7. Qd2 Qf6 8.
O-O-O Be6 9. Nf3 Bxa2 10. Bc4 Bxc4 11. Bxe5 Qg6 12. Nh4 Qxe4 13. Bd4 Qxh4 14.
Bxc5 Be6 15. Ba3 Nf6 16. g3 Qh5 17. Rhe1 Nc6 18. Bb4 Rd8 19. Bc3 Rxd2 20. Bxd2
Qxh2 21. Re3 O-O 22. Ra3 Qxf2 23. Ra1 Rd8 24. g4 Ne4 25. Rb1 Rxd2 26. Rxd2 Qxd2#
0-1

[Event "AUTO-INT-743"]
[Site "http://www.queenalice.com/game.php?id=331689"]
[Date "2008.1.6"]
[Round "1"]
[White "edimarbr"]
[Black "fcaon"]
[Result "1-0"]
[WhiteElo "1762"]
[BlackElo "1393"]

1. e4 e5 2. Nf3 Nc6 3. Bc4 h6 4. c3 d6 5. O-O Be7 6. d4 exd4 7. cxd4 f5 8. Nbd2
Nf6 9. d5 Ne5 10. Nxe5 dxe5 11. Re1 Bc5 12. exf5 Nxd5 13. Rxe5+ Kf7 14. Qh5+ Kf8
15. Rxd5 Qe8 16. Rd8 Qxd8 17. Qf7# 1-0

[Event "AUTO-INT-743"]
[Site "http://www.queenalice.com/game.php?id=331690"]
[Date "2008.1.6"]
[Round "1"]
[White "fcaon"]
[Black "edimarbr"]
[Result "0-1"]
[WhiteElo "1407"]
[BlackElo "1882"]

1. e4 e5 2. Nf3 Nc6 3. Nc3 Nf6 4. d4 exd4 5. Nxd4 Nxd4 6. Qxd4 d6 7. Qd1 Be7 8.
Bd2 O-O 9. Be2 b6 10. O-O Bb7 11. Bd3 Qd7 12. b4 Rad8 13. Re1 c5 14. a3 Qc6 15.
b5 Qc7 16. Bf4 Rfe8 17. a4 c4 18. e5 cxd3 19. exf6 Bxf6 20. Bd2 Bxc3 21. Ra3
Bxd2 22. Qxd2 Qxc2 23. Qxd3 Rxe1+ 0-1

[Event "AUTO-INT-743"]
[Site "http://www.queenalice.com/game.php?id=331715"]
[Date "2008.1.6"]
[Round "1"]
[White "carpe_diem"]
[Black "fcaon"]
[Result "1-0"]
[WhiteElo "1508"]
[BlackElo "1429"]

1. e4 e5 2. Nf3 Nc6 3. Bb5 Qf6 4. d3 a6 5. Bxc6 Qxc6 6. Nxe5 Qe6 7. d4 d5 8.
exd5 Qxd5 9. O-O Bd6 10. Bf4 Bxe5 11. Bxe5 c5 12. Bxg7 Bh3 13. Qe2+ Ne7 14. f3
Rg8 15. Nc3 Rxg7 16. Nxd5 Rxg2+ 17. Qxg2 Bxg2 18. Kxg2 Nxd5 19. Rfe1+ Kd7 20. c4
Rg8+ 21. Kh1 Nb4 22. Re2 cxd4 23. Re4 Nc2 24. Rd1 Kc6 25. b4 b5 26. cxb5+ axb5
27. a3 Rg6 28. Rd2 f5 29. Rxc2+ Kb6 30. Rxd4 Rc6 31. Rxc6+ 1-0

[Event "AUTO-INT-743"]
[Site "http://www.queenalice.com/game.php?id=331716"]
[Date "2008.1.6"]
[Round "1"]
[White "fcaon"]
[Black "carpe_diem"]
[Result "0-1"]
[WhiteElo "1405"]
[BlackElo "1497"]

1. e4 c5 2. d3 e6 3. Nc3 d5 4. exd5 exd5 5. Be2 Nf6 6. Nf3 d4 7. Ne4 Be7 8. Bd2
Bf5 9. c3 Nc6 10. O-O O-O 11. b4 Nxe4 12. cxd4 Bf6 13. dxe4 Bxe4 14. bxc5 Nxd4
15. Rc1 Nxe2+ 16. Qxe2 Bxf3 17. gxf3 Re8 18. Qd1 Qc7 19. f4 Bb2 20. Rc2 Ba3 21.
Be3 Re6 22. Qd3 Rd8 23. Qxa3 Qc6 24. Rd1 Rxd1# 0-1

[Event "AUTO-INT-753"]
[Site "http://www.queenalice.com/game.php?id=336843"]
[Date "2008.1.15"]
[Round "1"]
[White "DaLuz"]
[Black "fcaon"]
[Result "1-0"]
[WhiteElo "1754"]
[BlackElo "1400"]

1. e4 e5 2. Nf3 d6 3. d4 Nf6 4. Nc3 exd4 5. Nxd4 Bd7 6. Bc4 Be7 7. Bf4 Nc6 8.
Qd2 O-O 9. O-O-O a6 10. f3 b5 11. Bb3 b4 12. Nd5 h6 13. Nxe7+ Qxe7 14. g4 g5 15.
Be3 a5 16. h4 gxh4 17. Bxh6 Nh7 18. Nf5 Bxf5 19. gxf5 1-0

[Event "AUTO-INT-753"]
[Site "http://www.queenalice.com/game.php?id=336844"]
[Date "2008.1.15"]
[Round "1"]
[White "fcaon"]
[Black "DaLuz"]
[Result "0-1"]
[WhiteElo "1398"]
[BlackElo "1756"]

1. d4 d5 2. Nc3 Bf5 3. Nf3 e6 4. e3 Nf6 5. Bd3 Bg6 6. Bxg6 hxg6 7. Ng5 Nh5 8. e4
Be7 9. h4 dxe4 10. Ncxe4 Nc6 11. Qf3 Bf6 12. c3 e5 13. g4 Nf4 14. Bxf4 exf4 15.
Qxf4 Qe7 16. O-O-O O-O-O 17. d5 Ne5 18. h5 gxh5 0-1

[Event "AUTO-INT-753"]
[Site "http://www.queenalice.com/game.php?id=336859"]
[Date "2008.1.15"]
[Round "1"]
[White "fcaon"]
[Black "vult0"]
[Result "0-1"]
[WhiteElo "1416"]
[BlackElo "1680"]

1. d4 d5 2. Nc3 Nf6 3. e3 e6 4. Be2 Bb4 5. Bd2 O-O 6. a3 Bxc3 7. Bxc3 Nbd7 8.
Nf3 Ne4 9. O-O Ndf6 10. Bb4 Re8 11. Ng5 Nxg5 12. Bb5 c6 13. h4 Nge4 0-1

[Event "AUTO-INT-753"]
[Site "http://www.queenalice.com/game.php?id=336860"]
[Date "2008.1.15"]
[Round "1"]
[White "vult0"]
[Black "fcaon"]
[Result "1-0"]
[WhiteElo "1705"]
[BlackElo "1411"]

1. e4 e5 2. Nf3 d6 3. d4 Nf6 4. dxe5 Nxe4 5. Bc4 d5 6. Bd3 f6 7. Bf4 Bc5 8. Bxe4
dxe4 9. Qxd8+ Kxd8 10. Nfd2 Bf5 11. O-O fxe5 12. Bxe5 e3 13. fxe3 Bxe3+ 14. Kh1
1-0

[Event "AUTO-INT-753"]
[Site "http://www.queenalice.com/game.php?id=336861"]
[Date "2008.1.15"]
[Round "1"]
[White "fcaon"]
[Black "lebaracaldoAlucard"]
[Result "0-1"]
[WhiteElo "1402"]
[BlackElo "1750"]

1. d4 d5 2. Nc3 g6 3. e3 Bg7 4. Nf3 a6 5. e4 c6 6. Be2 Bg4 7. h3 Bxf3 8. Bxf3 e6
9. O-O Ne7 10. exd5 cxd5 11. Be3 Nf5 12. Re1 Nxe3 13. Rxe3 Nc6 14. Qd2 Bxd4 15.
Ree1 O-O 16. g4 Qf6 17. Kg2 Bxc3 18. bxc3 Ne5 19. Bd1 Nc4 20. g5 Nxd2 21. gxf6
Ne4 22. Rb1 b5 23. f3 Nxf6 24. Kg3 Nh5+ 0-1

[Event "AUTO-INT-753"]
[Site "http://www.queenalice.com/game.php?id=336862"]
[Date "2008.1.15"]
[Round "1"]
[White "lebaracaldoAlucard"]
[Black "fcaon"]
[Result "1-0"]
[WhiteElo "1726"]
[BlackElo "1405"]

1. e4 e5 2. Nf3 Nc6 3. Bb5 Qf6 4. d3 h6 5. Bxc6 dxc6 6. b3 g5 7. Bb2 g4 8. Bxe5
Qg6 9. Bxh8 gxf3 10. Qxf3 f6 11. e5 Be7 12. Bxf6 Nxf6 13. exf6 Bxf6 14. Qe3+ Kf7
15. O-O Bxa1 16. c3 Bf5 17. Re1 Kg8 18. Qd2 Bxd3 19. Na3 Be4 20. g3 Re8 21. Rxa1
Bf3 22. Re1 h5 23. Rxe8+ Kf7 24. Qd7+ 1-0